[Event "Gallego-ch U18"]
[Site "Pontedeume A Coruna"]
[Date "2010.02.16"]
[Round "7.18"]
[White "Rodriguez Lopez, Alberto"]
[Black "Perez Pardo, Ricardo1111"]
[Result "0-1"]
[WhiteElo "1282"]
[BlackElo "1524"]
[PlyCount "111"]
[EventDate "2010.02.13"]
[EventType "swiss"]
[EventRounds "8"]
[EventCountry "ESP"]
[SourceTitle "EXT 2024"]
[Source "ChessBase"]
[SourceDate "2023.10.10"]
[SourceVersion "1"]
[SourceVersionDate "2023.10.10"]
[SourceQuality "1"]

1. e4 e5 2. Nc3 Nf6 3. f4 exf4 4. e5 Qe7 5. Qe2 Ng8 6. Nf3 b6 7. d4 Bb7 8. Bxf4 Qb4 9. Qd2 Ne7 10. b3 Nd5 11. Nb5 a6 12. c4 Nxf4 13. Nxc7+ Kd8 14. Nxa8 Bxa8 15. Ng1 Ke8 16. 0-0-0 Qxd2+ 17. Rxd2 h6 18. Nf3 Ba3+ 19. Kd1 Bb4 20. Rf2 d6 21. Nh4 Nh3 22. Re2 Nf4 23. Rf2 g5 24. exd6 Bxd6 25. Nf5 Bb4 26. h4 f6 27. hxg5 fxg5 28. Rxh6 Rxh6 29. Nxh6 Nc6 30. g3 Nh5 31. Nf5 Ne7 32. Be2 Nf6 33. Nd6+ Bxd6 34. Rxf6 Bxg3 35. Rxb6 Be4 36. Rxa6 Kf7 37. Bh5+ Kg7 38. Ra7 Kf6 39. Ke2 Nf5 40. Ra6+ Ke7 41. d5 Bd6 42. Kf1 Ng3+ 43. Kg1 Nxh5 44. a3 g4 45. b4 Kd7 46. c5 Bf4 47. Ra7+ Kc8 48. Ra8+ Kb7 49. Rg8 Be3+ 50. Kh2 g3+ 51. Kh3 Bxd5 52. Rg4 Be6 53. c6+ Kxc6 54. b5+ Kb7 55. a4 Bxg4+ 56. Kg2 0-1